[Event "Karelian Autumn"]
[Site "Petrozavodsk"]
[Date "2012.10.18"]
[Round "8"]
[White "Yarshin, Vladimir M"]
[Black "Burdukov, Albert G"]
[Result "1/2-1/2"]
[WhiteElo "1873"]
[BlackElo "1865"]
[PlyCount "78"]
[EventDate "2012.10.14"]
[EventType "swiss"]
[EventRounds "9"]
[EventCountry "RUS"]
[SourceTitle "EXT 2013"]
[Source "ChessBase"]
[SourceDate "2012.11.22"]
[SourceVersion "1"]
[SourceVersionDate "2012.11.22"]
[SourceQuality "1"]

1. d4 d5 2. Nf3 Nf6 3. c4 c6 4. Nc3 Bf5 5. Qb3 b6 6. cxd5 cxd5 7. Ne5 e6 8. e4 dxe4 9. Bb5+ Nfd7 10. 0-0 Be7 11. Bxd7+ Nxd7 12. Nc6 Qc7 13. Nxe7 Kxe7 14. Nb5 Qb8 15. Qb4+ Kf6 16. Re1 Kg6 17. Nd6 Nf6 18. Bf4 Qf8 19. h3 h5 20. Qa3 Kh7 21. Rac1 Qe7 22. Nxe4 Qxa3 23. Nxf6+ gxf6 24. bxa3 Rac8 25. Rxc8 Rxc8 26. Bc1 Bb1 27. Kf1 Kg6 28. Ke2 Bxa2 29. h4 Kf5 30. f3 b5 31. Bd2 Bc4+ 32. Ke3 a6 33. Ba5 e5 34. Bb6 Ke6 35. Ba7 Kd5 36. Bb6 Kc6 37. Bd8 exd4+ 38. Kxd4 f5 39. g3 Bd5 1/2-1/2

[Event "Karelian Autumn"]
[Site "Petrozavodsk"]
[Date "2012.10.17"]
[Round "6"]
[White "Yarshin, Vladimir M"]
[Black "Velikodvorskaya, Regina"]
[Result "1-0"]
[WhiteElo "1873"]
[BlackElo "1703"]
[PlyCount "68"]
[EventDate "2012.10.14"]
[EventType "swiss"]
[EventRounds "9"]
[EventCountry "RUS"]
[SourceTitle "EXT 2013"]
[Source "ChessBase"]
[SourceDate "2012.11.22"]
[SourceVersion "1"]
[SourceVersionDate "2012.11.22"]
[SourceQuality "1"]

1. d4 g6 2. e4 d6 3. c4 Bg7 4. Nc3 c6 5. Nf3 Bg4 6. Be3 Nf6 7. Qd2 0-0 8. Be2 a6 9. 0-0 Bd7 10. h3 b5 11. e5 Ne8 12. Bh6 Qc8 13. Bxg7 Kxg7 14. Qe3 bxc4 15. Bxc4 d5 16. Be2 h6 17. Rfc1 Qd8 18. Na4 e6 19. Nc5 Bc8 20. Rc3 a5 21. Rac1 Nd7 22. Na4 Bb7 23. Bd3 Qe7 24. Rb3 Ba6 25. Rxc6 Bxd3 26. Qxd3 f5 27. Rb7 Rb8 28. Ra7 g5 29. Nc5 Rf7 30. Rxd7 Qxd7 31. Nxd7 Rxd7 32. Rxe6 Nc7 33. Rf6 Rf7 34. Qxf5 Rff8 1-0

[Event "Petrozavodsk nt"]
[Site "Petrozavodsk"]
[Date "2010.03.26"]
[Round "5"]
[White "Degrave, Katerina"]
[Black "Yarshin, Vladimir M"]
[Result "0-1"]
[WhiteElo "1703"]
[BlackElo "1873"]
[PlyCount "94"]
[EventDate "2010.03.20"]
[EventType "tourn"]
[EventRounds "9"]
[EventCountry "RUS"]
[SourceTitle "EXT 2022"]
[Source "ChessBase"]
[SourceDate "2021.10.06"]
[SourceVersion "1"]
[SourceVersionDate "2021.10.06"]
[SourceQuality "1"]

1. d4 d5 2. Nf3 Nf6 3. c4 g6 4. e3 Bg7 5. Nc3 0-0 6. Bd3 c5 7. 0-0 cxd4 8. Nxd4 e5 9. Nc2 e4 10. Be2 Be6 11. Nd4 Nc6 12. Nxe6 fxe6 13. b3 d4 14. exd4 Nxd4 15. Bb2 Qd7 16. Nb5 Nxb5 17. Qxd7 Nxd7 18. Bxg7 Kxg7 19. cxb5 Ne5 20. Rfd1 Rad8 21. Rac1 Rxd1+ 22. Rxd1 Re8 23. Rd2 Kf6 24. h3 Ke7 25. Rd4 e3 26. Re4 exf2+ 27. Kxf2 Kf6 28. g4 g5 29. Bc4 b6 30. Rd4 Ke7 31. Re4 Kf6 32. Ke3 Rd8 33. a4 Rd6 34. Ke2 Ng6 35. Kf2 e5 36. Re3 Nf4 37. Kg3 Rd4 38. Re1 e4 39. h4 h6 40. hxg5+ hxg5 41. Kf2 Ke5 42. Re3 Rd2+ 43. Kf1 Rg2 44. b4 Kd4 45. Re1 Rxg4 46. Bg8 Rh4 47. Kf2 Nd3+ 0-1

[Event "Petrozavodsk nt"]
[Site "Petrozavodsk"]
[Date "2010.03.24"]
[Round "4"]
[White "Yarshin, Vladimir M"]
[Black "Baroyan, Karen"]
[Result "1-0"]
[WhiteElo "1873"]
[BlackElo "1697"]
[PlyCount "71"]
[EventDate "2010.03.20"]
[EventType "tourn"]
[EventRounds "9"]
[EventCountry "RUS"]
[SourceTitle "EXT 2022"]
[Source "ChessBase"]
[SourceDate "2021.10.06"]
[SourceVersion "1"]
[SourceVersionDate "2021.10.06"]
[SourceQuality "1"]

1. d4 d5 2. c4 e6 3. g3 Nf6 4. Bg2 dxc4 5. Nc3 c6 6. Nf3 Be7 7. 0-0 0-0 8. Ne5 Nd5 9. Nxc4 Nd7 10. e4 Nxc3 11. bxc3 Nf6 12. Ne3 Qc7 13. c4 b6 14. Bb2 Bb7 15. e5 Nd7 16. f4 Rfd8 17. Rc1 Qb8 18. Qf3 Nf8 19. h4 Rd7 20. f5 Bb4 21. Rc2 Qd8 22. Qg4 exf5 23. Nxf5 Ne6 24. Nh6+ Kf8 25. Qxe6 gxh6 26. Qxh6+ Kg8 27. Be4 f5 28. Qe6+ Rf7 29. Rxf5 Qe7 30. Qxf7+ Qxf7 31. Rxf7 Kxf7 32. d5 Bc5+ 33. Kg2 cxd5 34. cxd5 Rd8 35. Rd2 Bb4 36. Rd1 1-0